000 00646nam a2200205Ii 4500
003 JO-AjNU
008 230606s9999||||xx |||||||||||||| ||und||
020 _a978-9957-23-063-0
040 _aJO-AjNU
_beng
_erda
_cJO-AjNU
041 _aeng
050 1 4 _aHQ525.I8. H37 2007
100 3 _a Hartford, Hedaya ,
_eauthor
_93697
245 0 0 _aInitiating and Upholding an Islamic Marriage
264 3 1 _aAmman: dar Al -Fateh , 2007
300 _a191p
336 _atext
_btxt
_2rdacontent
337 _aunmediated
_bn
_2rdamedia
338 _avolume
_bnc
_2rdacarrier
650 4 _a Marriage (Islamic law) - Marriage customs and rites, Islamic
_93698
999 _aE1928
_c1928
_d1928